|
|
|
|
| LEADER |
00000nam0a2200000 4500 |
| 001 |
141838 |
| 005 |
20231031142544.0 |
| 010 |
|
|
|a 3540617450
|
| 035 |
|
|
|a (RuTPU)RU\TPU\book\153736
|
| 090 |
|
|
|a 141838
|
| 100 |
|
|
|a 20080827d1997 k y0gery50 ba
|
| 101 |
0 |
|
|a ger
|
| 102 |
|
|
|a RU
|
| 105 |
|
|
|a a z 001zy
|
| 200 |
1 |
|
|a Erfolgs - und umweltorientierte Produktionstheorie
|f W. Dinkelbach, O. Rosenberg
|
| 205 |
|
|
|a Zweite, überarbeitete Auflage
|
| 210 |
|
|
|a Berlin
|c Springer-Verlag
|d 1997
|
| 215 |
|
|
|a 205 s.
|c il.
|
| 320 |
|
|
|a Literaturverzeichniss: p. 193-200.
|
| 320 |
|
|
|a Index: p. 201-205.
|
| 610 |
1 |
|
|a экономика
|
| 610 |
1 |
|
|a промышленные производства
|
| 610 |
1 |
|
|a производство
|
| 610 |
1 |
|
|a продукция
|
| 610 |
1 |
|
|a организация производства
|
| 610 |
1 |
|
|a управление
|
| 610 |
1 |
|
|a планирование
|
| 610 |
1 |
|
|a немецкий язык
|
| 675 |
|
|
|a 658.5
|v 3
|
| 700 |
|
1 |
|a Dinkelbach
|b W.
|g Werner
|
| 701 |
|
1 |
|a Rosenberg
|b O.
|g Otto
|
| 801 |
|
1 |
|a RU
|b 63413507
|c 20080827
|g PSBO
|
| 801 |
|
2 |
|a RU
|b 63413507
|c 20080924
|g PSBO
|
| 942 |
|
|
|c BK
|